00429nam a2200145Ia 4500008004100000020001500041050001500056100001600071245002200087260001800109260000900127300001600136999001900152952011200171160319s9999 xx 000 0 und d a9715692362 bR627e 1997 aRizal, Jose aEl Filibusterismo bBookmark Inc. c1997 a448 pages : c292316d292316 001040aSSISBbSSISBcFILd2016-03-19l0oFil Fic R627e 1997pUS 0810r2016-03-19 00:00:00w2016-03-19yBK